| 000 | 01489nam a2200361 i 4500 | ||
|---|---|---|---|
| 001 | 57369 | ||
| 003 | CO-BoRNBP | ||
| 005 | 20250624154839.0 | ||
| 007 | ta | ||
| 008 | 160801s2007 ck a br 000 j spa d | ||
| 020 | _a9789583009327 | ||
| 040 |
_aCO-BoRNBP _bspa _erda _cCO-BoRNBP |
||
| 041 | 0 | _aspa | |
| 043 | _as-ck--- | ||
| 084 | _aC MAC7 | ||
| 100 | 1 |
_aMacías Zuluaga, Luis Fernando, _d1957- _eautor _960462 |
|
| 245 | 1 | 3 |
_aLa rana sin dientes _cLuis Fernando Macías ; ilustrado por Jairo Linares Landínez |
| 250 | _aPrimera edición | ||
| 264 | 1 |
_aBogotá, Colombia _bPanamericana Editorial _c2007 |
|
| 300 |
_a124 páginas _bilustraciones a color _c21 cm |
||
| 336 |
_atexto _btxt _2rdacontent |
||
| 337 |
_asin mediación _bn _2rdamedia |
||
| 338 |
_avolumen _bnc _2rdacarrier |
||
| 490 | 0 | _aCorcel | |
| 505 | 0 |
_tYo tengo una rana -- _tLos matadores de hormigas -- _tEl encuentro con la suave Ana, el grillo triste, el jardinero y la princesa, y el sueño de David -- _tHistorias para ser feliz -- _tUna laboriosa reconstrucción -- _tUna fiesta de bodas -- _tLa margarita enamorada. |
|
| 521 | 1 | _aRecomendado para un público infantil mayor de 8 años. | |
| 650 | 0 | 7 |
_aRanas en la literatura _2LEMB _960463 |
| 650 | 0 | 0 |
_aCuentos infantiles colombianos _ySiglo XX _2LEMB _92372 |
| 650 | 0 | 7 |
_aLiteratura infantil colombiana _ySiglo XX _2LEMB _9364 |
| 650 | 0 | 7 |
_aAnimales en la literatura _2LEMB _9853 |
| 700 | 1 |
_aLinares Landínez, Jairo _eilustrador _960464 |
|
| 942 |
_2loc _cBKLITI |
||
| 999 |
_c57369 _d57369 |
||